[Event "Reunion op 17th"]
[Site "St Denis"]
[Date "2015.10.10"]
[Round "1"]
[White "Sharma, Dinesh Kumar"]
[Black "Melon, Antonin"]
[Result "1-0"]
[WhiteElo "2356"]
[BlackElo "1520"]
[PlyCount "43"]
[EventDate "2015.10.10"]
[EventType "swiss"]
[EventRounds "9"]
[EventCountry "RUF"]
[SourceTitle "CBM 168 Extra"]
[Source "ChessBase"]
[SourceDate "2015.10.29"]
[SourceVersion "1"]
[SourceVersionDate "2015.10.29"]
[SourceQuality "1"]

1. e4 e5 2. Nf3 Nc6 3. Bb5 a6 4. Ba4 b5 5. Bb3 Bc5 6. 0-0 d6 7. c3 Nf6 8. a4 Bg4 9. h3 Bh5 10. d3 h6 11. Re1 0-0 12. Nbd2 Re8 13. Nf1 Bb6 14. Ng3 Ne7 15. Nxh5 Nxh5 16. Nxe5 dxe5 17. Qxh5 Kh8 18. axb5 axb5 19. Rxa8 Qxa8 20. Bxh6 gxh6 21. Bxf7 Kh7 22. Bxe8 1-0